|
|
|
|
| LEADER |
01019nam a22002897a 4500 |
| 001 |
33203 |
| 003 |
BD-DhAAL |
| 005 |
20180627124105.0 |
| 008 |
180625t2013 xxu 000 0 eng d |
| 999 |
|
|
|c 39301
|d 39301
|
| 020 |
|
|
|a 9781490997797
|
| 040 |
|
|
|a BD-DhAAL
|
| 041 |
1 |
|
|a eng
|
| 042 |
|
|
|a pcc
|
| 050 |
0 |
0 |
|a BR115.C3
|b W413 2002
|
| 082 |
0 |
0 |
|a 306.6
|2 21
|
| 100 |
1 |
|
|a Weber, Max
|d 1864-1920.
|9 26259
|
| 245 |
1 |
4 |
|a The Protestant ethic and the spirit of capitalism /
|c Max Weber
|
| 260 |
|
|
|a USA :
|b CreateSpace Independent Publishing Platform,
|c 2013
|
| 300 |
|
|
|a 110 pages ;
|c 23 cm.
|
| 526 |
|
|
|a AAL
|
| 541 |
|
|
|a Trim Education
|e 33203
|
| 650 |
|
0 |
|a Capitalism
|x Religious aspects
|x Protestant churches
|9 26260
|
| 650 |
|
0 |
|a Protestant work ethic
|9 26261
|
| 852 |
|
|
|a Ayesha Abed LIbrary
|c General Stacks
|
| 942 |
|
|
|2 ddc
|c BK
|
| 952 |
|
|
|0 0
|1 0
|2 ddc
|4 0
|6 306_600000000000000_WEB
|7 0
|9 63516
|a BRACUL
|b BRACUL
|c GEN
|d 2018-06-07
|e Trim Education
|g 995.00
|l 3
|o 306.6 WEB
|p 3010033203
|r 2025-10-23
|s 2025-10-15
|t 1
|v 995.00
|w 2018-06-07
|y BK
|